Southville International School and Colleges
Your cart is empty.
  • Cart
  • Lists
    Public lists Eva Luna New books Lux_list list_1
    Your lists Log in to create your own lists
  • Log in to your account
  • Your cookies
  • Search history
Southville International School and Colleges
  • Advanced search
  • Recent comments
  • Most popular
  • Libraries

Log in to your account

Log in with GOOGLE


If you do not have an external account, but do have a local account, you can still log in:

  1. Home
  2. MARC view: 100 words almost everyone mispronounces /
Normal view MARC view ISBD view

100 words almost everyone mispronounces / (Record no. 283324)

[ view plain ]
MARC details
000 -LEADER
fixed length control field 00565nam a2200157Ia 4500
008 - FIXED-LENGTH DATA ELEMENTS--GENERAL INFORMATION
fixed length control field 150223s9999 xx 000 0 und d
020 ## - INTERNATIONAL STANDARD BOOK NUMBER
International Standard Book Number 9780547148113
050 ## - LIBRARY OF CONGRESS CALL NUMBER
Classification number PE 1137
Item number .A15 2008
100 ## - MAIN ENTRY--PERSONAL NAME
Personal name Berube, Margery S. et. al.
245 ## - TITLE STATEMENT
Title 100 words almost everyone mispronounces /
Remainder of title .
Statement of responsibility, etc Margery S. Berube et. al.
260 ## - PUBLICATION, DISTRIBUTION, ETC. (IMPRINT)
Place of publication, distribution, etc USA :
Name of publisher, distributor, etc Houghton Mifflin Harcourt Publishing Company,
Date of publication, distribution, etc 2008
300 ## - PHYSICAL DESCRIPTION
Extent 118 pages :
Dimensions 21 cm.
504 ## - BIBLIOGRAPHY, ETC. NOTE
Bibliography, etc Includes Index.
650 ## - SUBJECT ADDED ENTRY--TOPICAL TERM
Topical term or geographic name as entry element English language
General subdivision Pronunciation-Dictionaries
650 ## - SUBJECT ADDED ENTRY--TOPICAL TERM
Topical term or geographic name as entry element English language
General subdivision Usage-Dictionaries.

No items available.

100 words almost everyone mispronounces /

APA

Berube M. S. e. a., . (2008). 100 words almost everyone mispronounces. USA: Houghton Mifflin Harcourt Publishing Company.

Chicago

Berube Margery S et al, . 2008. 100 words almost everyone mispronounces. USA: Houghton Mifflin Harcourt Publishing Company.

Harvard

Berube M. S. e. a., . (2008). 100 words almost everyone mispronounces. USA: Houghton Mifflin Harcourt Publishing Company.

MLA

Berube Margery S et al, . 100 words almost everyone mispronounces. USA: Houghton Mifflin Harcourt Publishing Company. 2008.

  • Print
  • Cite
  • Add to your cart (remove)
  • Save record
    BIBTEX Dublin Core MARCXML MARC (non-Unicode/MARC-8) MARC (Unicode/UTF-8) MARC (Unicode/UTF-8, Standard) MODS (XML) RIS
  • More searches
    Search for this title in:
    Other Libraries (WorldCat) Other Databases (Google Scholar) Online Stores (Bookfinder.com) Open Library (openlibrary.org)

Exporting to Dublin Core...

SOUTHVILLE LIBRARY

Southville International School and Colleges Library

1281 Tropical Ave. Cor. Luxembourg St., BF Homes International, Las Pinas City

Tel. No. 8256374 / 252358 Loc. 117/146

Powered by Koha